Extreme tile select- Cyprus - Statistics

General Stats
  • This quiz has been taken 36 times
  • The average score is 6 of 25
Answer Stats
Question Tile Select % Correct
Select no more than 10 tiles Asia Yes
85%
Select no more than 10 tiles Europe Yes
63%
Select no more than 10 tiles Cyprus Yes
52%
Select no more than 10 tiles Earth Yes
52%
Select no more than 10 tiles Afro-Eurasia Yes
44%
Select no more than 10 tiles Eurasia Yes
44%
Select no more than 10 tiles Somewhere Yes
33%
Select no more than 10 tiles Afro-Asia Yes
30%
Select no more than 10 tiles Africa Yes
26%
Select no more than 10 tiles Anywhere you like Yes
19%
Select no more than 10 tiles Other Yes
19%
Select no more than 10 tiles North America Yes
11%
Select no more than 10 tiles South America Yes
11%
Select no more than 10 tiles Sun Yes
11%
Select no more than 10 tiles IDK Yes
7%
Select no more than 10 tiles Mercury Yes
7%
Select no more than 10 tiles Nowhere Yes
7%
Select no more than 10 tiles Oceania Yes
7%
Select no more than 10 tiles Jupiter Yes
4%
Select no more than 10 tiles Mars Yes
4%
Select no more than 10 tiles Neptune Yes
4%
Select no more than 10 tiles Pluto Yes
4%
Select no more than 10 tiles Saturn Yes
4%
Select no more than 10 tiles Uranus Yes
4%
Select no more than 10 tiles Venus Yes
4%
No matching quizzes found
Score Distribution
Percent of People with Each Score
Percentile by Number Answered
Your Score History
You have not taken this quiz